000 00713nam a2200253 i 4500
001 C2-0237119
003 PPAK
005 20180727200716.0
008 011115s2001 my a|||| ||||| | may d
020 _a9836271295
040 _aPPAK
_beng
_cPPAK
_erda
082 0 4 _a899.233
_223
090 0 0 _a899.233
_bSIT
_dG
100 0 _aSiti Zainion Ismail,
_d1949-
_eauthor
245 1 0 _aJurai palma
264 1 _aKuala Lumpur :
_bDewan Bahasa dan Pustaka ,
_c2001
300 _a218 pages :
_billustrations ;
_c19 cm
336 _2rdacontent
_atext
337 _2rdamedia
_aunmediated
338 _2rdacarrier
_avolume
500 _aKumpulan cerpen (1990-1999)
650 1 0 _aShort stories, Malay.
942 _ddc
_cB
999 _c52816
_d52816